000 00566nam a2200205 i 4500
001 87773
003 ES-MaACL
005 20250710062725.0
007 t|
008 041223s1957 fr ||||1| fre d
100 1 _aLaborde, Simone.
_969250
245 1 3 _aLe cáncer /
_cpar Simone Laborde.
260 _aParis :
_bPresses Universitaires de France,
_c1957.
300 _a127 p. ;
_c18 cm.
490 1 _aQue sais-je? ;
_v11
650 4 _aCáncer.
_9145907
830 0 0 _aQue sais-je?
_v11
_9180931
852 _aES-MaACL
_jC-15264
_bR.43278
999 _c87773
_d87773